| 000 | 01507cab a22002895a 4500 | ||
|---|---|---|---|
| 001 | L159794 | ||
| 008 | 180105e2017 xxk 000 0 eng d | ||
| 035 | _a(Sirsi) u159794 | ||
| 041 | 0 | _aeng | |
| 100 | 1 | _aThomson, Elizabeth | |
| 245 | 0 | 2 | _aA storm is brewing over repairs |
| 260 | _c2017 | ||
| 490 |
_aEstates Gazette _v(1748) 2 December 2017 76-77(20 |
||
| 520 | _aPart 4 in a series of 4 articles on the Minimum Energy Efficiency Standard (MEES) effective from 1 April 2018 considers the impact of the Standard for landlords claiming costs for repairs versus improvements from tenants via service charges. Suggests that new leases may need to incorporate terms in service charges expressly allowing energy-efficiency improvements. Discusses how MEES might have impacted the decision of two cases "Waaler v Hounslow LBC" (2017] EWCA Div 45 and "De Havilland Studios Ltd v Peries and another" [2017] 322 (LC) where the tenant is directly responsible for repair. Part 1 L159788, Part 2 L159789 and Part 3 | ||
| 590 | _aKA | ||
| 650 | 2 | 4 | _aMINIMUM ENERGY EFFICIENCY STANDARD |
| 650 | 2 | 4 | _aMEES |
| 650 | 2 | 4 | _aENERGY PERFORMANCE OF BUILDINGS (ENGLAND AND WALES) REGULATIONS 2012 |
| 650 | 2 | 4 | _aENERGY EFFICIENCY (PRIVATE RENTED PROPERTY) (ENGLAND AND WALES) REGULATIONS 2015 |
| 651 | 4 |
_aEngland and Wales _y1543- |
|
| 690 |
_aEnergy _96237 |
||
| 690 |
_aSustainability _96271 |
||
| 690 |
_aCommercial property _96227 |
||
| 690 |
_aResidential property _96266 |
||
| 856 | 4 | 0 |
_u _z |
| 942 | _n0 | ||
| 999 |
_c84991 _d84991 |
||